The noble scholar, jurist, historian


 His Excellency Dr. Abdul Wahhab bin Ibrahim Abu Sulaiman, may Allah have mercy on him.


 He was born in Umm Al-Qura in the year 1356 AH.

الجواهر المضية بشرح العزية على المقدمة العزية / (Record no. 11551)

MARC details
000 -LEADER
fixed length control field 01696cam a22003011i 4500
003 - CONTROL NUMBER IDENTIFIER
control field SA-RiAUC
005 - DATE AND TIME OF LATEST TRANSACTION
control field 20250909124059.0
008 - FIXED-LENGTH DATA ELEMENTS--GENERAL INFORMATION
fixed length control field 250908q19001999||| g 000 0 ara c
040 ## - CATALOGING SOURCE
Original cataloging agency SA-JeALM
Language of cataloging ara
Transcribing agency SA-RiAUC
Description conventions rda
082 04 - DEWEY DECIMAL CLASSIFICATION NUMBER
Classification number 258.2
090 ## - LOCALLY ASSIGNED LC-TYPE CALL NUMBER (OCLC); LOCAL CALL NUMBER (RLIN)
Classification number (OCLC) (R) ; Classification number, CALL (RLIN) (NR) 258.2
Local cutter number (OCLC) ; Book number/undivided call number, CALL (RLIN) ا ز هـ
100 1# - MAIN ENTRY--PERSONAL NAME
Personal name الأزهري، صالح عبد السميع الآبي،
Dates associated with a name توفي 1335 هجري
Relator term مؤلف.
245 12 - TITLE STATEMENT
Title الجواهر المضية بشرح العزية على المقدمة العزية /
Statement of responsibility, etc. صالح عبد السميع الآبي الأزهري ؛ تحقيق علي بن السيد عبد الرحمن الهاشم.
246 30 - VARYING FORM OF TITLE
Title proper/short title شرح العزية على المقدمة العزية
264 #1 - PRODUCTION, PUBLICATION, DISTRIBUTION, MANUFACTURE, AND COPYRIGHT NOTICE
Place of production, publication, distribution, manufacture القاهرة :
Name of producer, publisher, distributor, manufacturer علي بن اليبد عبدالرحمن الهاشم،
-- دار النصر للطباعة الاسلامية.
Date of production, publication, distribution, manufacture, or copyright notice 2000
300 ## - PHYSICAL DESCRIPTION
Extent 383 صفحة.
Dimensions 24 سم.
336 ## - CONTENT TYPE
Content type term نص
Content type code txt
Source rdacontent
Materials specified كتاب
337 ## - MEDIA TYPE
Media type term بدون وسيط
Media type code n
Source rdamedia
338 ## - CARRIER TYPE
Carrier type term مجلد
Carrier type code nc
Source rdacarrier
650 #7 - SUBJECT ADDED ENTRY--TOPICAL TERM
Topical term or geographic name entry element الفقه المالكي
Source of heading or term aucsh
700 1# - ADDED ENTRY--PERSONAL NAME
Personal name الهاشم، علي بن عبد الرحمن،
Dates associated with a name 1945-
Relator term محقق.
700 12 - ADDED ENTRY--PERSONAL NAME
Personal name الزرقاني، عبد الباقي بن يوسف بن أحمد،
Dates associated with a name 1020-1099 هجري.
Title of a work شرح المقدمة العزية للجماعة الأزهرية.
700 12 - ADDED ENTRY--PERSONAL NAME
Personal name المنوفي، علي بن محمد بن محمد،
Dates associated with a name 857-939 هجري.
Title of a work المقدمة العزية للجماعة الأزهرية.
740 02 - ADDED ENTRY--UNCONTROLLED RELATED/ANALYTICAL TITLE
Uncontrolled related/analytical title شرح المقدمة العزية للجماعة الأزهرية.
740 22 - ADDED ENTRY--UNCONTROLLED RELATED/ANALYTICAL TITLE
Uncontrolled related/analytical title المقدمة العزية للجماعة الأزهرية.
942 ## - ADDED ENTRY ELEMENTS (KOHA)
Source of classification or shelving scheme Dewey Decimal Classification
Koha item type Books
Suppress in OPAC No
949 ## - LOCAL PROCESSING INFORMATION (OCLC)
a SA-JeALM
d 250908
u osman123
n 1
Holdings
Withdrawn status Lost status Source of classification or shelving scheme Damaged status Not for loan Home library Current library Date acquired Total checkouts Full call number Barcode Date last seen Price effective from Koha item type
    Dewey Decimal Classification     DR AbdElwahab Library DR AbdElwahab Library 09/09/2025   258.2 ا ز هـ 000018696 09/09/2025 09/09/2025 Books